000 00426nam a2200169Ia 4500
008 221030s9999 xx 000 0 und d
020 _a8177582488
041 _aEnglish
082 _a105.23
_bKer
100 _aB. W. Kernighan
245 4 _aThe Practice of Programming
_cby B. W. Kernighan, R. Pike
260 _bPearson Education
_aDelhi
_c2006
300 _a267
650 _aComputers
700 _aR. Pike
942 _cBK
999 _c2723
_d2723